Plus ou moins peuplé que la France? - Click Quiz - Statistiques

Statistiques générales
  • Ce quiz a été pris 145 fois
  • Le résultat moyen est 24 sur 30
Statistiques - réponses
Hint Réponse % Correct
États-Unis Plus peuplé
98%
Indonésie Plus peuplé
94%
Brésil Plus peuplé
94%
Pologne Moins peuplé
93%
Russie Plus peuplé
93%
Italie Moins peuplé
91%
Japon Plus peuplé
91%
Mexique Plus peuplé
89%
Espagne Moins peuplé
88%
Bangladesh Plus peuplé
88%
Maroc Moins peuplé
87%
Allemagne Plus peuplé
86%
Égypte Plus peuplé
83%
Pérou Moins peuplé
82%
Irak Moins peuplé
82%
République démocratique du Congo Plus peuplé
82%
Kazakhstan Moins peuplé
81%
Turquie Plus peuplé
81%
Algérie Moins peuplé
76%
Éthiopie Plus peuplé
76%
Thaïlande Plus peuplé
76%
Australie Moins peuplé
75%
Arabie Saoudite Moins peuplé
72%
Iran Plus peuplé
69%
Canada Moins peuplé
67%
Kenya Moins peuplé
62%
Colombie Moins peuplé
61%
Corée du Sud Moins peuplé
59%
Afrique du Sud Moins peuplé
57%
Royaume-Uni Plus peuplé
55%
Aucun quiz correspondant
Distribution des résultats
% des personnes avec chaque résultat
Percentile par nombre de réponses
Votre historique - résultats
Vous n’avez pas pris ce quiz